000
00280nam a2200109Ia 4500
008
220204s9999 xx 000 0 und d
082
_a
338.436.32
_b
LAP
100
_a
LAPPE, F M
245
0
_a
Food first:Beyond the myth of scarcity
260
_a
Boston
_b
Houghton
_c
1977
942
_c
BK
999
_c
28628
_d
28628